| 000 | 01802cam a22002174a 4500 | ||
|---|---|---|---|
| 005 | 20250605164118.0 | ||
| 008 | 250528s ||||||||||||||||||||||||d | ||
| 035 | _a18177 | ||
| 040 |
_aGR-AtMCL _bgre _dGR-AtMCL _eAACR2 |
||
| 245 | 1 | _aΠλήρης Οδηγός Χρήσης της C++ / Από την Ομάδα Waite; 5η Αμερικάνικη Αναθεωρημένη Έκδοση | |
| 250 | _a5η | ||
| 260 |
_bΓκιούρδας Μόσχος, _c1988 |
||
| 300 | _a562 | ||
| 520 | _aΗ γλώσσα C συνδυάζει την αποτελεσματικότητα και την ταχύτητα της συμβολικής γλώσσας με την δομή και την περιεκτικότητα της γλώσσας Pascal. Πρόλογος, Λάβετε Θέσεις, Εισαγωγή στην C, Τα Δεδομένα και η C και Εσείς, Συμβολοσειρές, Τελεστές και Εκφράσεις και Προτάσεις, Συναρτήσεις Εισόδου/ Εξόδου και Αλλαγή Κατεύθυνσης, Επιλογή Μεταξύ Εναλλακτικών Περιπτώσεων, Βρόχοι και Άλλα Μέσα Ελέγχου, Πως να Χρησιμοποιείτε Κατάλληλα τις Συναρτήσεις, Κατηγορίες Μνήμης και Ανάπτυξη Προγραμμάτων, Ο Προεπεξεργαστής της C, Πίνακες και Δείκτες, Δομές και Άλλες Μορφές Δεδομένων, Το Μέλλον, Χειρισμός Δυαδικών Ψηφίων: Τελεστές και Πεδία, Ευρετήριο. | ||
| 700 | 1 |
_aMartin Donald _94463 |
|
| 700 | 1 |
_aPrata Stephen _94464 |
|
| 700 | 1 |
_aWaite Mitchell _94465 |
|
| 942 | _cBK | ||
| 999 |
_c3557 _d3557 |
||